000 00292nam a22001337a 4500
008 180914b xxu||||| |||| 00| 0 eng d
020 _a39435446
041 _aeng
080 _25 ED
_a070
100 _a39
101 _aMED
245 _aHuman Communication
_cTubbs,s,L
942 _2udc
_cBK
999 _c47814
_d47814